Alle Hauptstädte Südamerikas (alphabetisch) - Statistiken

Allgemein
  • Dieses Quiz wurde 16 mal gespielt
  • Das Durchschnittsergebnis liegt bei 10 aus 12
Antwortstatistiken
Hauptstadt % Korrekt
Bogotá
100%
Brasília
100%
Asunción
92%
Buenos Aires
92%
Caracas
83%
Lima
83%
Georgetown
75%
Montevideo
75%
Paramaribo
75%
Quito
75%
Santiago de Chile
75%
Sucre
75%
Keine übereinstimmenden Quizze gefunden
Verteilung der Resultate
Anzahl Personen mit jedem Resultat
Perzentil nach korrekt beantworteten Fragen
Ihre Resultats-Entwicklung
Sie haben dieses Quiz noch nicht gespielt